000 00515pam a2200205 a 4500
001 4206415
005 20180213084343.0
008 810910s1982 nyua 001 0 eng
010 _a 81014733
020 _a0471097322
040 _aDLC
_cDLC
_dDLC
041 _aeng
080 _a658.15 SPI
082 0 0 _a658.15 SPI
_219
100 1 _a54
101 _aEDU
245 1 0 _aFinance for the nonfinancial manager /
_cHerbert T. Spiro.
906 _a7
_bcbc
_corignew
_d1
_eocip
_f19
_gy-gencatlg
942 _2ddc
_cBK
999 _c42419
_d42419